Perspektívy chemického a farmaceutického priemyslu v transformácii ekonomiky Slovenska : Obh. 10.6.1997 /

Gespeichert in:
Bibliographische Detailangaben
1. Verfasser: Lacková, Jana (Verfasst von)
Format: Manuskript Buch
Sprache:Slowakisch
Veröffentlicht: Bratislava : STU v Bratislave ChtF, 1997
Tags: Tag hinzufügen
Keine Tags, Fügen Sie das erste Tag hinzu!

MARC

LEADER 00000ntm a22000003a 4500
001 stu24564
005 20150617225748.2
008 970708s1997----xo------------------slo-d
040 |a STU  |b slo 
041 0 |a slo 
044 |a xo 
100 1 |a Lacková, Jana  |4 aut 
245 1 |a Perspektívy chemického a farmaceutického priemyslu v transformácii ekonomiky Slovenska :  |b Obh. 10.6.1997 /  |c [aut.]Lacková,Jana 
260 |a Bratislava :  |b STU v Bratislave ChtF,  |c 1997 
300 |a 63 s :  |b Tab.,grafy,lit 
500 |a Zameranie: Manažment chemických a potravinárskych podnikov 
996 |b CD12330  |c C*D12330  |l CCI  |s A  |a 24  |w stu24564_0001